000 00197nam a2200085Ia 4500
008 170620s9999 xx 000 0 und d
100 _aUNIVERSAL
245 0 _aINDIAN EVIDENCE ACT-1872
260 _bULP ALLAHABAD
260 _c1979
999 _c30387
_d30387